2024- Sports Year in Review - Statistics

General Stats
  • This quiz has been taken 57 times
  • The average score is 10 of 27
Answer Stats
Answer % Correct
Kansas City Chiefs
86%
Boston Celtics
79%
United States
67%
Michigan
64%
Argentina
62%
Spain
57%
Carlos Alcaraz
55%
Real Madrid
50%
Jannik Sinner
48%
Connecticut
45%
Florida Panthers
45%
Los Angeles Dodgers
45%
South Carolina
40%
Scottie Scheffler
33%
Aryna Sabalenka
29%
Bryson DeChambeau
26%
Charles Leclerc
26%
Iga Swiatek
26%
Xander Schauffele
19%
Florida
14%
Ferrari
7%
William Byron
7%
Barbora Krejčíková
5%
Dornoch
5%
Mystik Dan
5%
Seize the Grey
5%
Josef Newgarden
2%
No matching quizzes found
Score Distribution
Percent of People with Each Score
Percentile by Number Answered
Your Score History
You have not taken this quiz